Lunas de Plutón. - Estadísticas

Estadísticas generales
  • Esta prueba ha sido intentada 8 veces
  • La puntuación promedio es 2 de 5
Estadísticas de respuestas
Orden de tamaño La luna. % Correcto
1 Caronte
100%
5 Estigia
25%
3 Nix
25%
4 Cerbero
13%
2 Hydra
13%
No se encontraron pruebas coincidentes
Distribución de puntuación
Porcentaje de gente con cada puntuación
Porcentaje por número respondido
Historial de tus puntuaciones
No has intentado esta prueba.